000 00346nam a2200145Ia 4500
008 230312s9999||||xx |||||||||||||| ||und||
020 _a978-8499368115
082 _a728.37
_bCUB-S
100 _aCubero;Yolanda
245 0 _aSpactacular Houses
260 _bFKG
_aspain
_c2011
300 _a599
650 _aArchitecture
_vBuilding
942 _cBK
999 _c14390
_d14390